000 02472nam a2200469Ia 4500
001 dia_6469
003 CHAP
005 20250120174843.0
007 ta
008 220117s2016 mx bdemf 001 0 spa d
040 _amxchpua
_cCHAP
090 _aT.C.744
_bM37 EIUPA
_c2016
245 1 0 _aEstudio de una Unidad de Producción Agroindustrial (EIUPA) en San Francisco Peñas Blancas San Ramón, Alajuela, Costa Rica /
_ccoordinador Rubén Marchand Ortega ; colaboradores Laura Yesenia Aguilar Blanco...[y otros]
260 _aMéxico :
_bEl autor,
_c2016
300 _a101 hojas :
_bilustraciones, tablas, gráficas, mapas, diagramas, planos
336 _2rdacontent
_atexto
_btxt
337 _2rdamedia
_ano mediado
_bn
338 _2rdacarrier
_avolumen
_bnc
500 _aGrado: 7° año Grupo: 01
502 _aViaje de Estudios
_b(EIUPA) --
_cUACh. Departamento de Ingeniería Agroindustrial,
_d2016
504 _aBibliografía: hojas 98-100
505 0 0 _aContiene 4 Planos : -- 1.Diagrama de recorrido (Esc. 1:100) -- 2.Diagrama de flujo del proceso (Esc. 1:100) -- 3.Plano de distribución de áreas (Esc. 1:100) -- 4.Plano de distribución de equipo (Esc. 1:100)
650 1 3 _aPlantas empacadoras
_zCosta Rica
650 1 3 _aRaíces
_xIndustria y comercio
_zCosta Rica
650 1 0 _aTubérculos comestibles
_xIndustria y comercio
_zCosta Rica
_9161072
650 1 3 _aPacking houses
_zCosta Rica
650 1 3 _aRoots
_xIndustry and trade
_zCosta Rica
650 1 3 _aRoot vegetables
_xIndustry and trade
_zCosta Rica
700 1 _aMarchand Ortega, Rubén
_9148337
_ecoordinador
700 1 _aAguilera Blanco, Laura Yesenia
_9135886
_ecolaboradora
856 4 1 _uhttp://10.13.5.2/ve/TC744_EIUPA/TC744_EIUPA_2016-DIAGRAMA_DE_RECORRIDO.pdf
_yDESCARGAR DIAGRAMA DE RECORRIDO
856 4 1 _uhttp://10.13.5.2/ve/TC744_EIUPA/TC744_EIUPA_2016-DIAGRAMA_DE_FLUJO.pdf
_yDESCARGAR DIAGRAMA DE FLUJO DEL PROCESO
856 4 1 _uhttp://10.13.5.2/ve/TC744_EIUPA/TC744_EIUPA_2016-DIAGRAMA_DE_AREAS.pdf
_yDESCARGAR PLANO DE DISTRIBUCIÓN DE ÁREAS
856 4 1 _uhttp://10.13.5.2/ve/TC744_EIUPA/TC744_EIUPA_2016-DISTRIBUCION_DE_EQUIPO.pdf
_yDESCARGAR PLANO DE DISTRIBUCIÓN DE EQUIPO
856 4 1 _uhttp://10.13.5.2/ve/TC744EIUPA/TC744EIUPA2016-REPORTE.pdf
_yDESCARGAR REPORTE
901 _aT.C.744 M37 EIUPA 2016
902 _aM
905 _a5232272016 mx dnml8223123322spa16
942 _2local
942 _cVE
999 _c177401
_d177401